| 000 | 00330nam a2200121Ia 4500 | ||
|---|---|---|---|
| 008 | 230907s9999||||xx |||||||||||||| ||und|| | ||
| 082 |
_a338.951 _bCHI |
||
| 245 | 0 | _aChina's Urbanization : migration by the millions / | |
| 260 |
_aNew World Press, _bBeijing : _c2014 |
||
| 300 | _a236 p. | ||
| 650 | _aChinese Studies | ||
| 942 | _cBK | ||
| 999 |
_c601667 _d601667 |
||